000 00720nam a2200289Ia 4500
005 20260324134037.0
008 008 260324s9999 xx 000 0 eng d
020 _a9780429228995
037 _aEBOOK
040 _aCRL
040 _beng
040 _cCRL
041 _2eng
041 _aeng
084 _qCRL
100 _aPeter Philips; Gerhard Bosch
_91195366
245 0 _aBuilding Chaos
245 3 _bAn International Comparison of Deregulation in the Construction Industry
260 _bTaylor and Francis
260 _c2002
365 _a
365 _b300
856 _uhttp://www.taylorfrancis.com/books/9780429228995
942 _cEBOOK
999 _c1795015
_d1795015